| Поле | Название | Значение |
| |
Тип записи |
a |
| |
Библиографический уровень |
m |
| 001 |
Контрольный номер |
RU\infra-m\znanium\bibl\2216510 |
| 005 |
Дата корректировки |
20260429142239.9 |
| 008 |
Кодируемые данные |
250623s2025 RU g rus u |
| 020 |
Индекс ISBN |
__ |
| a |
ISBN |
978-5-16-021179-4 |
| 020 |
Индекс ISBN |
__ |
| a |
ISBN |
978-5-16-109965-0 (электр. издание) |
| 040 |
Источник каталогиз. |
__ |
| a |
Служба первич. каталог. |
Общество с ограниченной ответственностью «ЗНАНИУМ» |
| 041 |
Код языка издания |
__ |
| a |
Код языка текста |
rus |
| 044 |
Код страны публикации |
__ |
| a |
Код страны публикации |
RU |
| 080 |
Индекс УДК |
__ |
| a |
Индекс УДК |
7.07+005(075.8) |
| 084 |
Индекс другой классификации/Индекс ББК |
__ |
| 2 |
Источник индекса |
rubbk |
| a |
Индекс другой классификации/Индекс ББК |
85:65.498.5я73 |
| 084 |
Индекс другой классификации/Индекс ББК |
__ |
| 2 |
Источник индекса |
okso |
| a |
Индекс другой классификации/Индекс ББК |
38.03.02 |
| 084 |
Индекс другой классификации/Индекс ББК |
__ |
| 2 |
Источник индекса |
okso |
| a |
Индекс другой классификации/Индекс ББК |
51.03.01 |
| 084 |
Индекс другой классификации/Индекс ББК |
__ |
| 2 |
Источник индекса |
okso |
| a |
Индекс другой классификации/Индекс ББК |
51.03.02 |
| 084 |
Индекс другой классификации/Индекс ББК |
__ |
| 2 |
Источник индекса |
okso |
| a |
Индекс другой классификации/Индекс ББК |
51.03.03 |
| 084 |
Индекс другой классификации/Индекс ББК |
__ |
| 2 |
Источник индекса |
okso |
| a |
Индекс другой классификации/Индекс ББК |
53.03.01 |
| 084 |
Индекс другой классификации/Индекс ББК |
__ |
| 2 |
Источник индекса |
okso |
| a |
Индекс другой классификации/Индекс ББК |
53.03.03 |
| 084 |
Индекс другой классификации/Индекс ББК |
__ |
| 2 |
Источник индекса |
okso |
| a |
Индекс другой классификации/Индекс ББК |
53.04.06 |
| 084 |
Индекс другой классификации/Индекс ББК |
__ |
| 2 |
Источник индекса |
okso |
| a |
Индекс другой классификации/Индекс ББК |
53.05.04 |
| 100 |
Автор |
__ |
| a |
Автор |
Командышко Е.Ф. |
| q |
Полное имя |
Командышко Елена Филипповна |
| u |
Дополнение |
Российская академия образования |
| 245 |
Заглавие |
__ |
| a |
Заглавие |
Арт-менеджмент |
| b |
Продолж. заглавия |
Учебник |
| c |
Ответственность |
Российская академия образования |
| 250 |
Сведения об издании |
__ |
| g |
|
перераб. и доп. |
| a |
Основные сведения об издании |
2 |
| 260 |
Выходные данные |
__ |
| a |
Место издания |
Москва |
| b |
Издательство |
ООО "Научно-издательский центр ИНФРА-М" |
| c |
Дата издания |
2026 |
| 300 |
Физическое описание |
__ |
| a |
Объем |
249 с. |
| 440 |
Серия |
__ |
| a |
Серия |
Высшее образование |
| 520 |
Аннотация |
__ |
| a |
Аннотация |
В учебнике рассматриваются основные вопросы учебной дисциплины «Арт-менеджмент» раскрывающие сущность специфику особенности и проблемы развития арт-менеджмента на современном этапе. Особое внимание уделено специфике функций искусства и функций менеджмента а также влиянию современных тенденций развития арт-индустрии на содержание профессиональной деятельности арт-менеджера. Автор раскрывает теоретические основы управления (менеджмента) и акцентирует внимание на важных аспектах профессиональной деятельности в процессе которой ценности культуры и искусства обусловливают формирование качественно нового художественно-творческого продукта. Учебник дополнен практикумом в котором значительно расширилась взаимосвязь теоретической подготовки и практической деятельности студентов направленных на разработку качественно новых творческих продуктов и индивидуальных арт-проектов. Соответствует требованиям федеральных государственных образовательных стандартов высшего образования последнего поколения. Для студентов преподавателей высших учебных заведений педагогов-организаторов аспирантов и докторантов изучающих проблемы совершенствования профессиональной подготовки будущих специалистов в сфере образования культуры и искусств. |
| 521 |
Примеч. о цел. назн. |
__ |
| a |
Примеч. о целев. назн. |
ВО - Бакалавриат |
| 650 |
Тематические рубрики |
__ |
| a |
Основная рубрика |
Управление (менеджмент) |
| x |
Основная подрубрика |
Менеджмент в образовании и культуре |
| 655 |
Указ. предметных рубрик (устаревшее) |
__ |
| a |
Жанр/ форма (устаревшее) |
Учебник |
| 856 |
Электронный адрес документа |
4_ |
| a |
Имя сервера/домена |
znanium.ru |
| m |
Помощь |
ebs_support@infra-m.ru |
| n |
Местонахождение сервера |
НИЦ ИНФРА-М |
| u |
URL |
https://znanium.ru/catalog/document?id=466339 |
| 856 |
Электронный адрес документа |
48 |
| a |
Имя сервера/домена |
znanium.ru |
| d |
Путь |
/cover/2216 |
| f |
Электронное имя |
2216510.jpg |
| q |
Тип электронного формата |
image/jpeg |
| u |
URL |
https://znanium.ru/cover/2216/2216510.jpg |
| 911 |
|
__ |
| u |
|
0030=https://znanium.ru/catalog/document?id=466339 |